000
00313 a2200157 4500
001
170144
020
_a
040
_c
Magnum
100
_a
Vlach, Vania
240
1
0
_a
Geografia em construcao
_l
por
245
1
0
_a
Geografia em construcao
362
0
_a
1899
440
1
_a
LĂȘ
697
_a
GERAL
942
_c
BK
999
_c
170144
_d
170144